Statistics for Countries with embassies and consulates in Timor Leste

Click here to take the quiz!

General Stats

  • This quiz has been taken 26 times
  • The average score is 13 of 16

Answer Stats

ContinentCountry% Correct
OceaniaAustralia
100%
North AmericaUnited States of America
100%
South AmericaBrazil
96%
AsiaChina
96%
AsiaJapan
92%
OceaniaNew Zealand
92%
AsiaIndonesia
88%
AsiaMalaysia
84%
EuropePortugal
84%
AsiaSouth Korea
80%
AsiaThailand
80%
North AmericaCuba
76%
Asiathe Philippines
68%
EuropeVatican City
68%
AsiaBrunei
56%
AfricaWestern Sahara
16%

Score Distribution

Percentile by Number Answered

Percent of People with Each Score

Your Score History

You have not taken this quiz